| 000 | 00659nam a2200181 i 4500 | ||
|---|---|---|---|
| 001 | 35424 | ||
| 003 | ES-MaACL | ||
| 005 | 20260210163242.0 | ||
| 007 | t| | ||
| 008 | 030213s1962 sp ||||1| spa d | ||
| 100 | 1 |
_aBorja Carbonell, J. _930501 |
|
| 245 | 1 | 4 |
_aLas mielgas y carretones españoles _b: estudio botánico del género medicago L. / _cpor J. Borja Carbonell. |
| 260 |
_aMadrid : _bInstituto Nacional de Investigaciones Agronómicas, _c1962. |
||
| 300 |
_a59 p., 1 lám. : _bil. ; _c24 cm. |
||
| 710 |
_aInstituto Nacional de Investigaciones Agronómicas _c(España) _9219222 |
||
| 852 |
_aES-MaACL _jC-22954 _bR.51652 |
||
| 999 |
_c35424 _d35424 |
||